Contrastive analysis vs. error analysis in respect of their treatment of the avoidance phenomenon

Guardat en:
Dades bibliogràfiques
Autor principal: Gluth, Elena (Autor)
Format: Llibre
Idioma:anglès
Publicat: Berlín GRIN 2003
Edició:1a. ed
Col·lecció:GRIN Veragsprogramm, V45315
Matèries:
Etiquetes: Afegir etiqueta
Sense etiquetes, Sigues el primer a etiquetar aquest registre!

MARC

LEADER 00000cam a2200000 a 4500
001 UCF1072
003 CL-VaPUC
008 120621e20030000GW |||||||||||||||||eng|d
020 |a 9783638916295 
082 0 4 |a 410  |b GLU  |2 21 
100 0 |a Gluth, Elena  |e author  |9 562728 
245 1 0 |a Contrastive analysis vs. error analysis in respect of their treatment of the avoidance phenomenon 
250 |a 1a. ed 
300 |a 27 p 
942 |c BK 
945 |d 20120621 00:00:00  |a cmena 
260 |a Berlín  |b GRIN  |c 2003 
650 7 |a LINGUISTICA CONTRASTIVA  |2 CL-VaPUC  |9 562729 
650 7 |a LENGUA Y LENGUAJES  |2 CL-VaPUC  |9 562730 
650 0 |a Estudio y enseñanza  |9 270395 
650 0 |a Análisis del discurso  |9 256696 
583 |a last modification  |c 20120621 10:53:00  |k Rodrigo Vera 
490 0 |a GRIN Veragsprogramm, V45315 
999 |c 348046  |d 348044 
952 |0 0  |1 0  |4 0  |6 410_000000000000000_GLU_2003  |7 0  |8 A  |9 449908  |a FDOPOS  |b FDOPOS  |d 2019-11-22  |i 4878698  |o 410 GLU 2003  |p 4878698  |r 2025-01-22  |w 2019-11-22  |y BK  |k DLA